Star Wars (1977): Characters by Picture - Statistics

General Stats
  • This quiz has been taken 82 times
  • The average score is 11 of 12
Answer Stats
Picture Answer % Correct
Luke Skywalker
100%
Ben Kenobi
97%
C-3PO
97%
Chewbacca
97%
Darth Vader
97%
Han Solo
97%
Princess Leia Organa
97%
R2-D2
97%
Grand Moff Tarkin
86%
Greedo
86%
Aunt Beru
85%
Uncle Owen
83%
No matching quizzes found
Score Distribution
Percent of People with Each Score
Percentile by Number Answered
Your Score History
You have not taken this quiz